000 00426nam a2200121Ia 4500
008 220805s9999 xx 000 0 und d
041 _amar
100 _aकासखेडीकर, नयना
_990055
260 _aPune
_bBhartiya vichar sadhana prakashan
_c2022
245 _aस्वातंत्र्यलढ्यातील राष्ट्रीय पत्रकारिता
250 _a1
300 _a104
999 _c49449
_d49449